| 000 | 00802 a2200217 4500 | ||
|---|---|---|---|
| 020 | _a0764588451 | ||
| 040 | _aDLC | ||
| 082 | 0 | 0 | _a06.7/4 |
| 100 | 1 | _aDykes, Lucinda. | |
| 245 | 1 | 0 |
_aXML for dummies _cLucinda Dykes and Ed Tittel. |
| 250 | _a4th ed. | ||
| 260 |
_aFoster City. : _bIDG Books, _cc2005. |
||
| 300 |
_a366 p. : _bill. ; _c23 cm. |
||
| 500 | _aIncludes index. | ||
| 650 | 0 | _aXML (Document markup language) | |
| 700 | 1 | _aTittel, Ed. | |
| 856 | 4 | 2 |
_3Contributor biographical information _uhttp://www.loc.gov/catdir/enhancements/fy0628/2005923240-b.html |
| 856 | 4 | 2 |
_3Publisher description _uhttp://www.loc.gov/catdir/enhancements/fy0628/2005923240-d.html |
| 856 | 4 | 2 |
_3Table of contents only _uhttp://www.loc.gov/catdir/enhancements/fy0628/2005923240-t.html |
| 942 |
_cBK _k005.72 TIT _2ddc |
||
| 999 |
_c6463 _d6463 |
||